La poesía temprana de Emily Dickinson: el primer cuadernillo

Salvato in:
Dettagli Bibliografici
Autori principali: Derrick, Paul S. (Autore, autor), González Peralta, Norma (Autore, autor), Brígido, Anna M. (Autore, autor)
Natura: eBook
Lingua:spagnolo
inglese
Pubblicazione: [Valencia] Departament de Filologia Anglesa i Alemanya, Universitat de València 2006.
Serie:Biblioteca Javier Coy d'estudis nord-americans 39
Soggetti:
Accesso online:https://elibro.unach.elogim.com/es/lc/unach/titulos/292199
Tags: Aggiungi Tag
Nessun Tag, puoi essere il primo ad aggiungerne!!

MARC

LEADER 00000nam a2200000 i 4500
001 ELB292199
003 FINmELB
005 20251210114559.0
006 m o d |
007 cr cnu||||||||
008 260219s2006 sp o 000 0 spa d
020 |a 9788437083681  |q (ebook) 
020 |z 9788437063164 
035 |a (OCoLC)1425794573 
040 |a FINmELB  |b eng  |e rda  |c FINmELB 
041 0 |a spa  |a eng 
050 4 |a PS1541  |b .D477 2006 
080 |a 821.111(73) Dickinson, Emily 1.07 
080 |a 821.111(73)-14"18" 
082 0 4 |a 811.4  |2 23 
100 1 |a Derrick, Paul S.  |e autor  |4 aut 
245 1 3 |a La poesía temprana de Emily Dickinson: el primer cuadernillo  |c Paul S. Derrick, Norma González y Anna M. Brígido 
264 1 |a [Valencia]  |b Departament de Filologia Anglesa i Alemanya, Universitat de València  |c 2006. 
300 |a 1 recurso en línea 
336 |a texto  |b txt  |2 rdamedia/spa 
337 |a computadora  |b c  |2 rdamedia/spa 
338 |a recurso en línea  |b cr  |2 rdacarrier/spa 
490 1 |a Biblioteca Javier Coy d'estudis nord-americans  |v 39 
500 |a Incluye (p. [53]-99) el texto original del primer cuadernillo de Emily Dickinson y su traducción al español 
504 |a Bibliografía: páginas 101-104 
588 |a Descripción basada en metadatos suministrados por el editor y otras fuentes. 
590 |a Recurso electrónico. Santa Fe, Arg.: elibro, 2026. Disponible vía World Wide Web. El acceso puede estar limitado para las bibliotecas afiliadas a elibro. 
600 1 4 |a Dickinson, Emily  |d 1830-1886  |x Crítica e interpretación 
655 4 |a Libros electrónicos. 
700 1 |a González Peralta, Norma  |e autor  |4 aut 
700 1 |a Brígido, Anna M.  |e autor  |4 aut 
797 2 |a elibro, Corp. 
830 0 |a Biblioteca Javier Coy d'estudis nord-americans  |v 39 
856 4 0 |u https://elibro.unach.elogim.com/es/lc/unach/titulos/292199